Historia Natural.

Gespeichert in:
Bibliographische Detailangaben
1. Verfasser: FTD. Autor
Format: keine Angabe
Sprache:Spanisch
Erschienen: Barcelona F.T.D.
Katalog:MANES:  Suchergebnis im Bibliothekskatalog
Schulbuchspezifische Eigenschaften:
Tags: Tag hinzufügen
Keine Tags, Fügen Sie den ersten Tag hinzu!
Hinzugefügt zu:26.04.2016
Geändert in:07.05.2025

MARC

LEADER 000000000a22000000004500
001 07659
003 OSt
005 20250507133320.0
008 160427s sp ||||| |||| 00| 0 spa d
040 |c centro_manes 
041 1 |a spa 
561 |5 es-CICE  |a España. Centro Internacional de la Cultura Escolar  |k MANES 
691 0 |a SE 
100 1 |a FTD. Autor  |9 2626 
245 0 0 |a Historia Natural. 
260 3 |a Barcelona  |b F.T.D. 
300 |a 320 p.  |c 20 x 16 cm 
500 |a Editado en Cartoné. 
690 0 |a HI 
942 |2 ddc  |c BK 
546 |a España 
999 |c 13633  |d 13633 
999 |c manes:13633  |d 13633